000 00425nam a2200181Ia 4500
005 20250423095754.0
008 250422s9999 xx 000 0 und d
020 _a0- 256- 25982- 8
050 _aHF 1009.5 .C35/
100 _aPhillip R. Cateroa
245 0 _aInternational marketing
250 _a10th ed.
260 _bMCGraw Hill
260 _c1999
300 _a721 p
650 _aExport marketing
942 _cBK
999 _c31285
_d31285